Dans quels clubs a joué Youssef El Arabi ? - Statistiques

Statistiques générales
  • Ce quiz a été pris 3 fois
  • Le résultat moyen est 4 sur 7
Statistiques - réponses
Pays Années Clubs % Correct
France 2007-2011 SM Caen
100%
Chypre 2024-2025 APOEL Nicosie
67%
France 2025-2026 FC Nantes
67%
Espagne 2012-2016 Granada CF
67%
Grèce 2019-2024 Olympiakos
67%
Qatar 2016-2019 Al-Duhail SC
33%
Arabie Saoudite 2011-2012 Al-Hilal
33%
Aucun quiz correspondant
Distribution des résultats
% des personnes avec chaque résultat
Percentile par nombre de réponses
Votre historique - résultats
Vous n’avez pas pris ce quiz